Länder nach Grenzen #2 - Statistiken

Allgemein
  • Dieses Quiz wurde 13.443 mal gespielt
  • Das Durchschnittsergebnis liegt bei 15 aus 20
Antwortstatistiken
Nachbarländer Land % Korrekt
Vereinigte Staaten Kanada
99%
Österreich, Schweiz Liechtenstein
95%
Norwegen, Schweden, Russland Finnland
92%
Irland Vereinigtes Königreich
90%
Frankreich, Deutschland, Luxemburg, Niederlande Belgien
89%
Frankreich Monaco
79%
Osttimor, Malaysia, Papua-Neuguinea Indonesien
78%
Saudi-Arabien, Vereinigte Arabische Emirate, Jemen Oman
77%
Haiti Dominikanische Republik
75%
Kolumbien, Peru Ecuador
74%
Armenien, Aserbaidschan, Russland, Türkei Georgien
74%
Südafrika Lesotho
74%
Brasilien, Suriname, Venezuela Guyana
73%
Saudi-Arabien Katar
73%
Israel, Syrien Libanon
73%
Afghanistan, China, Indien, Iran Pakistan
72%
Laos, Thailand, Vietnam Kambodscha
68%
Guatemala, Mexiko Belize
64%
Dschibuti, Äthiopien, Sudan Eritrea
59%
Malaysia Brunei
54%
Keine übereinstimmenden Quizze gefunden
Verteilung der Resultate
Anzahl Personen mit jedem Resultat
Perzentil nach korrekt beantworteten Fragen
Ihre Resultats-Entwicklung
Sie haben dieses Quiz noch nicht gespielt